| 000 | 00000nam##2200000za#4500 |
| 001 | 9.640847 |
| 003 | CaOODSP |
| 005 | 20210624222853 |
| 007 | cr ||||||||||| |
| 008 | 150407|2009||||xxc|||||o f|0| 0 fre|d |
| 020 | |a978-1-897463-57-4 |
| 040 | |aCaOODSP|bfre |
| 043 | |an-cn--- |
| 086 | 1 |aH174-32/2009F-PDF |
| 110 | 1 |aCanada.|bConseil canadien de la santé. |
| 245 | 10|aÉquipes à l'Ĺ“uvre : |h[ressource électronique]|bles équipes de soins de santé primaires au Canada |
| 260 | |aToronto - Ontario : |bConseil canadien de la santé |cAvril 2009. |
| 300 | |a57p.|bfigures, graphiques, références, photographies |
| 590 | |a12-39-Supp|b2012-10-11 |
| 691 | 07|aRégime de soins de santé|2gcpds |
| 775 | 08|tTeams in action : |w(CaOODSP)9.696739 |
| 856 | 40|ahttp://publications.gc.ca|qPDF|s8.58 Mo|uhttps://publications.gc.ca/collections/collection_2012/ccs-hcc/H174-32-2009-fra.pdf |